|
|
|
|
| LEADER |
00000nam0a2200000 4500 |
| 001 |
138865 |
| 005 |
20231031141551.0 |
| 010 |
|
|
|a 5235012186
|
| 020 |
|
|
|a RU
|b 91-55393
|
| 035 |
|
|
|a (RuTPU)RU\TPU\book\150445
|
| 090 |
|
|
|a 138865
|
| 100 |
|
|
|a 20080530d1991 m y0rusy5003 ca
|
| 101 |
0 |
|
|a rus
|
| 102 |
|
|
|a RU
|
| 105 |
|
|
|a a z 000ay
|
| 200 |
1 |
|
|a Странности любви
|e Сборник
|f Л. А. Жуховицкий, В. А. Дорошенко, Л. Ямская
|
| 210 |
|
|
|a Москва
|c Молодая гвардия
|d 1991
|
| 215 |
|
|
|a 237,[3] с.
|c ил.
|
| 333 |
|
|
|a Исключено из фонда НТБ ТПУ
|
| 700 |
|
1 |
|a Жуховицкий
|b Л. А.
|g Леонид Аронович
|
| 701 |
|
1 |
|a Дорошенко
|b В. А.
|g Валентина Алексеевна
|
| 701 |
|
1 |
|a Ямская
|b Л.
|g Любовь
|
| 801 |
|
0 |
|a RU
|b RuMRKP
|c 19950417
|g psbo
|
| 801 |
|
1 |
|a RU
|b 63413507
|c 20080530
|g PSBO
|
| 801 |
|
2 |
|a RU
|b 63413507
|c 20220602
|g PSBO
|
| 942 |
|
|
|c BK
|